| 000 | 00470nam a2200109 4500 | ||
|---|---|---|---|
| 999 |
_c10292 _d10292 |
||
| 008 | 180811b ||||| |||| 00| 0 eng d | ||
| 245 |
_aUnderstanding mental health: _bIn a world full of insensitive people, having a mental illness can really be a challenge. It seems as though you are fighting with yourself while battling other people's judgment. |
||
| 260 |
_aPhilippines _bThe Philippine Star _cc2017 |
||
| 300 | _apage 6. | ||
| 650 | 0 |
_930367 _aHealth. |
|
| 942 |
_2ddc _cPER |
||